Ч. 1; Плазменные процессы и технологии
| Parent link: | Каренгин, Александр Григорьевич. Плазменные процессы и технологии: учебное пособие/ А. Г. Каренгин; Томский политехнический университет. Ч. 1.— .— Томск: Изд-во ТПУ, 2008 |
|---|---|
| Hoofdauteur: | |
| Samenvatting: | Заглавие с титульного экрана Электронная версия печатной публикации В учебном пособии рассмотрены основные стадии плазмохимической технологии и физические процессы, протекающие в плазмохимическом реакторе. Изложены способы сохранения (закалки) продуктов плазмохимических процессов, а также способы их разделения и обезвреживания. Рассмотрены плазмохимические процессы и технологии применительно к ядерно-топливному циклу по переработке отходов, получению нанодисперсных порошков простых и сложных соединений металлов из газообразного, жидкого и твердого сырья, их свойства и области практического использования. Пособие разработано в рамках реализации Инновационной образовательной программы ТПУ по направлению «Материаловедение, наноматериалы и нанотехнологии» и предназначено для студентов направления 651000 «Ядерная физика и технологии» специальности 140303 «Физика кинетических явлений» Режим доступа: из корпоративной сети ТПУ |
| Taal: | Russisch |
| Gepubliceerd in: |
2008
|
| Onderwerpen: | |
| Online toegang: | http://www.lib.tpu.ru/fulltext2/m/2010/m174.pdf |
| Formaat: | Elektronisch Boek |
| KOHA link: | https://koha.lib.tpu.ru/cgi-bin/koha/opac-detail.pl?biblionumber=187691 |
MARC
| LEADER | 00000nlm2a2200000 4500 | ||
|---|---|---|---|
| 001 | 187691 | ||
| 005 | 20250418163004.0 | ||
| 035 | |a (RuTPU)RU\TPU\book\203655 | ||
| 090 | |a 187691 | ||
| 100 | |a 20101119d2008 m y0rusy50 ca | ||
| 101 | 0 | |a rus | |
| 102 | |a RU | ||
| 105 | |a a j 001zy | ||
| 135 | |a drcn ---uucaa | ||
| 181 | 0 | |a i | |
| 182 | 0 | |a b | |
| 200 | 0 | |a Ч. 1 | |
| 203 | |a Текст |c электронный | ||
| 210 | |d 2008 | ||
| 300 | |a Заглавие с титульного экрана | ||
| 300 | |a Электронная версия печатной публикации | ||
| 330 | |a В учебном пособии рассмотрены основные стадии плазмохимической технологии и физические процессы, протекающие в плазмохимическом реакторе. Изложены способы сохранения (закалки) продуктов плазмохимических процессов, а также способы их разделения и обезвреживания. Рассмотрены плазмохимические процессы и технологии применительно к ядерно-топливному циклу по переработке отходов, получению нанодисперсных порошков простых и сложных соединений металлов из газообразного, жидкого и твердого сырья, их свойства и области практического использования. Пособие разработано в рамках реализации Инновационной образовательной программы ТПУ по направлению «Материаловедение, наноматериалы и нанотехнологии» и предназначено для студентов направления 651000 «Ядерная физика и технологии» специальности 140303 «Физика кинетических явлений» | ||
| 333 | |a Режим доступа: из корпоративной сети ТПУ | ||
| 337 | |a Adobe Reader | ||
| 452 | 1 | |0 (RuTPU)RU\TPU\book\161506 |y 5-98298-268-7 |t Ч. 1 |d 2008 |p 141 с. | |
| 461 | 1 | |0 187690 |9 187690 |a Каренгин, Александр Григорьевич |t Плазменные процессы и технологии |o учебное пособие |f А. Г. Каренгин |g Томский политехнический университет |c Томск |n Изд-во ТПУ |d 2008 |v Ч. 1 | |
| 606 | 1 | |a Плазмохимические процессы |2 stltpush |3 (RuTPU)RU\TPU\subj\69389 |9 84255 | |
| 610 | 1 | |a химическая технология | |
| 610 | 1 | |a плазменные процессы | |
| 610 | 1 | |a плазмохимический синтез | |
| 610 | 1 | |a плазмохимические технологии | |
| 610 | 1 | |a окружающая среда | |
| 610 | 1 | |a труды учёных ТПУ | |
| 610 | 1 | |a учебные пособия | |
| 610 | 1 | |a материаловедение | |
| 610 | 1 | |a наноматериалы | |
| 610 | 1 | |a ядерная физика | |
| 610 | 1 | |a кинетика | |
| 610 | 1 | |a электронный ресурс | |
| 675 | |a 66.011:533.9(075.8) |v 3 | ||
| 700 | 1 | |a Каренгин |b А. Г. |c физик |c доцент Томского политехнического университета, кандидат физико-математических наук |f 1950- |g Александр Григорьевич |9 10751 | |
| 801 | 1 | |a RU |b 63413507 |c 20101119 | |
| 801 | 2 | |a RU |b 63413507 |c 20110201 |g RCR | |
| 850 | |a 63413507 | ||
| 856 | 4 | |u http://www.lib.tpu.ru/fulltext2/m/2010/m174.pdf | |
| 942 | |c CF | ||